<?xml version="1.0" encoding="UTF-8"?>
<record
    xmlns:xsi="http://www.w3.org/2001/XMLSchema-instance"
    xsi:schemaLocation="http://www.loc.gov/MARC21/slim http://www.loc.gov/standards/marcxml/schema/MARC21slim.xsd"
    xmlns="http://www.loc.gov/MARC21/slim">

  <leader>03206nam a2200313 a 4500</leader>
  <controlfield tag="001">000111808</controlfield>
  <controlfield tag="003">CHAP</controlfield>
  <controlfield tag="005">20251020135338.0</controlfield>
  <controlfield tag="008">150817s2015    mx a   |sm   |||||||spa d</controlfield>
  <datafield tag="010" ind1=" " ind2=" ">
    <subfield code="a">108269</subfield>
  </datafield>
  <datafield tag="011" ind1=" " ind2=" ">
    <subfield code="a">109241</subfield>
  </datafield>
  <datafield tag="040" ind1=" " ind2=" ">
    <subfield code="c">CHAP</subfield>
  </datafield>
  <datafield tag="090" ind1=" " ind2=" ">
    <subfield code="a">Tesis</subfield>
  </datafield>
  <datafield tag="100" ind1="1" ind2=" ">
    <subfield code="a">Ram&#xED;rez Flores, Jos&#xE9; de Jes&#xFA;s</subfield>
  </datafield>
  <datafield tag="245" ind1="1" ind2="0">
    <subfield code="a">Evaluaci&#xF3;n del impacto ambiental y econ&#xF3;mico del ganado bovino lechero en la Comarca Lagunera, M&#xE9;xico</subfield>
    <subfield code="c">por Jos&#xE9; de Jes&#xFA;s Ram&#xED;rez Flores; director C&#xE9;sar Alberto Meza Herrera</subfield>
  </datafield>
  <datafield tag="264" ind1=" " ind2=" ">
    <subfield code="a">Bermejillo, Dgo. :</subfield>
    <subfield code="b">El autor,</subfield>
    <subfield code="c">2015.</subfield>
  </datafield>
  <datafield tag="502" ind1=" " ind2=" ">
    <subfield code="b">Maestro en Ciencias en Recursos Naturales y Medio Ambiente en Zonas &#xC1;ridas.</subfield>
    <subfield code="b">M&#xE1;ster en Zootecnia y Gesti&#xF3;n Sostenible: Ganader&#xED;a Ecol&#xF3;gica e Integrada.</subfield>
    <subfield code="c">Unidad Regional Universitaria de Zonas &#xC1;ridas,</subfield>
    <subfield code="c">Universidad de C&#xF3;rdoba. Instituto de Estudios de Posgrado,</subfield>
    <subfield code="d">2015.</subfield>
  </datafield>
  <datafield tag="520" ind1=" " ind2=" ">
    <subfield code="a">En la Comarca Lagunera (CL), localizada en el norte de M&#xE9;xico (102&#xBA; 22' &amp; 104&#xBA; 47' LO, 24&#xBA; 22' &amp; 26&#xBA; 23' LN), se ha observado un importante crecimiento del Bovino Productor de Leche (BPL) durante los &#xFA;ltimos 50 a&#xF1;os. Lo anterior ha situado a la CL como una de las cuencas lecheras m&#xE1;s importantes del pa&#xED;s. En 2014, la CL registr&#xF3; un inventario lechero superior a las 440,000 vacas, con 242,000 vacas en orde&#xF1;o, una producci&#xF3;n de 2,260 millones de litros por a&#xF1;o y un valor econ&#xF3;mico (VE) de la producci&#xF3;n de &#x20AC;867 millones. Sin embargo, las condiciones clim&#xE1;ticas de la zona, incluyen altas temperaturas y radiaci&#xF3;n solar en verano y bajos niveles de precipitaci&#xF3;n anual (&lt;220 mm). Por ello, la disponibilidad de agua es muy limitada, originando altas demandas en la extracci&#xF3;n de aguas subterr&#xE1;neas mediante el uso de m&#xE1;s de 2,200 pozos profundos para uso del BPL; dicha extracci&#xF3;n ha generado un significativo d&#xE9;ficit en las reservas de agua subterr&#xE1;nea ya que el volumen de extracci&#xF3;n es superior a la recarga. El impacto de la Huella H&#xED;drica del BPL, es el segundo en importancia, s&#xF3;lo superado por la producci&#xF3;n de carne de bovina. Sin embargo, si confrontamos el costo econ&#xF3;mico (CE) del BPL respecto al CE generado por la emisi&#xF3;n de GEI (&#x20AC;118 millones) y se adiciona el CE generado por la huella h&#xED;drica (&#x20AC;13,219 millones), se observa no solamente un fuerte impacto ambiental sino un significativo costo econ&#xF3;mico de dicho impacto ambiental. Por lo anterior, es imperativo definir estrategias de mitigaci&#xF3;n en el uso del recurso h&#xED;drico, fundamental en la viabilidad global de la Comarca Lagunera, enclavada en un entorno &#xE1;rido. De lo contrario, se pondr&#xE1; en riesgo no solo la sustentabilidad del sistema de producci&#xF3;n del bovino lechero, sino la viabilidad biol&#xF3;gica, econ&#xF3;mica y social de la Comarca Lagunera.</subfield>
  </datafield>
  <datafield tag="590" ind1=" " ind2=" ">
    <subfield code="a">E5652GLJ</subfield>
    <subfield code="b">05</subfield>
    <subfield code="c">20150817</subfield>
  </datafield>
  <datafield tag="590" ind1=" " ind2=" ">
    <subfield code="a">E5652GLJ</subfield>
    <subfield code="b">05</subfield>
    <subfield code="c">20150817</subfield>
  </datafield>
  <datafield tag="650" ind1="1" ind2="4">
    <subfield code="a">Efecto invernadero.</subfield>
  </datafield>
  <datafield tag="650" ind1="1" ind2="4">
    <subfield code="a">Ganado lechero</subfield>
    <subfield code="x">Comarca Lagunera.</subfield>
  </datafield>
  <datafield tag="650" ind1="1" ind2="4">
    <subfield code="a">Ganado lechero</subfield>
    <subfield code="x">Efecto del medio ambiente.</subfield>
  </datafield>
  <datafield tag="650" ind1="1" ind2="4">
    <subfield code="a">Impacto ambiental.</subfield>
  </datafield>
  <datafield tag="700" ind1="1" ind2=" ">
    <subfield code="a">Meza Herrera, C&#xE9;sar Alberto</subfield>
    <subfield code="e">director.</subfield>
  </datafield>
  <datafield tag="856" ind1=" " ind2=" ">
    <subfield code="u">http://10.13.5.2/tesis/sist111808.pdf</subfield>
    <subfield code="y">DESCARGAR PDF</subfield>
  </datafield>
  <datafield tag="901" ind1=" " ind2=" ">
    <subfield code="a">BK</subfield>
  </datafield>
  <datafield tag="942" ind1=" " ind2=" ">
    <subfield code="c">Tesis</subfield>
    <subfield code="2">Clasificaci&#xF3;n Universidad Aut&#xF3;noma Chapingo</subfield>
  </datafield>
  <datafield tag="999" ind1=" " ind2=" ">
    <subfield code="c">108269</subfield>
    <subfield code="d">108269</subfield>
  </datafield>
  <datafield tag="952" ind1=" " ind2=" ">
    <subfield code="0">0</subfield>
    <subfield code="1">0</subfield>
    <subfield code="2">local</subfield>
    <subfield code="4">0</subfield>
    <subfield code="5">3</subfield>
    <subfield code="7">0</subfield>
    <subfield code="8">TESIS</subfield>
    <subfield code="a">BC</subfield>
    <subfield code="b">BC</subfield>
    <subfield code="c">PA_TESIS</subfield>
    <subfield code="d">2015-08-17</subfield>
    <subfield code="f">TESIS</subfield>
    <subfield code="l">0</subfield>
    <subfield code="o">Tesis</subfield>
    <subfield code="p">33724002507728</subfield>
    <subfield code="r">2019-12-31 00:00:00</subfield>
    <subfield code="t">c.2</subfield>
    <subfield code="w">2019-12-31</subfield>
    <subfield code="y">TESIS</subfield>
  </datafield>
  <datafield tag="952" ind1=" " ind2=" ">
    <subfield code="0">0</subfield>
    <subfield code="1">0</subfield>
    <subfield code="2">local</subfield>
    <subfield code="4">0</subfield>
    <subfield code="5">1</subfield>
    <subfield code="7">0</subfield>
    <subfield code="8">TESIS</subfield>
    <subfield code="a">BC</subfield>
    <subfield code="b">BC</subfield>
    <subfield code="c">PA_TESIS</subfield>
    <subfield code="d">2015-08-17</subfield>
    <subfield code="f">TESIS</subfield>
    <subfield code="l">0</subfield>
    <subfield code="o">Tesis</subfield>
    <subfield code="p">33724002507769</subfield>
    <subfield code="r">2019-12-31 00:00:00</subfield>
    <subfield code="w">2019-12-31</subfield>
    <subfield code="y">TESIS</subfield>
  </datafield>
  <datafield tag="952" ind1=" " ind2=" ">
    <subfield code="0">0</subfield>
    <subfield code="1">0</subfield>
    <subfield code="2">local</subfield>
    <subfield code="4">0</subfield>
    <subfield code="5">1</subfield>
    <subfield code="7">0</subfield>
    <subfield code="8">TesDigM</subfield>
    <subfield code="a">BD</subfield>
    <subfield code="b">BD</subfield>
    <subfield code="c">E_L</subfield>
    <subfield code="d">2025-10-09</subfield>
    <subfield code="l">0</subfield>
    <subfield code="o">Tesis digital</subfield>
    <subfield code="r">2025-10-09 14:56:16</subfield>
    <subfield code="w">2025-10-09</subfield>
    <subfield code="y">TD</subfield>
  </datafield>
</record>
